| 000 | 00465cam a22001097a 4500 | ||
|---|---|---|---|
| 008 | 180718b1987 xxu||||| |||| 00| 0 eng d | ||
| 082 | _aT19065x54 I/1985 | ||
| 245 |
_aSelected socio-economic indicators for India _cby Central Statistical Organisation, Department of Statistics, Ministry of Planning |
||
| 260 |
_aNew Delhi _bGovernment of India _c1987 |
||
| 300 | _a59p | ||
| 700 | _aIndia. Central Statistical Organisation, Department of Statistics, Ministry of Planning | ||
| 999 |
_c497425 _d497425 |
||